=LDR 00000nam 2200000 4500 =001 INLIS000000000029519 =005 20130612131739 =008 ***********************************Ind** =035 ##$$a0010-061300000029519 =041 ##$$a Ind =082 ##$$a 690 =090 ##$$a 690, Tan t =100 ##$$a Tangoro, Dwi =245 ##$$a Teknologi bangunan, Dwi Tangoro =260 ##$$a 2005 $b Jakarta =300 ##$$a vi, 121 hlm, ilus, 2005 =650 ##$$a Bangunan =850 ##$$a NBPNMAT =990 ##$$a 0001/BPAP-NTB/20142014